000 00928nam a2200277 i 4500
003 DO-SdBNP
005 20260630101918.0
007 ta
008 260630b2012 pr ||||| |||| 00| 0 spa d
020 _a9781618871404
040 _aDO-SdBNP
_bspa
_cBNPHU
_erda
041 _aspa
082 4 _axxx
_bxxx
_222
100 _aMelo Mendoza, Doris,
_eautor
_4aut.
_981745
245 1 0 _aMito y tragedia en el teatro hispanoamericano y dominicano del siglo XX /
_cDoris Melo Mendoza ; prólogo, Miguel Ángel Náter
264 1 _aSan Juan, Puerto Rico :
_bEditorial Carnaval,
_c2012.
300 _a213 páginas ;
_c21 cm.
336 _atexto
_btxt
_2rdacontent
337 _asin mediación
_bn
_2rdamedia
338 _avolumen
_bnc
_2rdacarrier
504 _aBibliografía : páginas 203-213
590 _aInventariado, 2026/BT
700 1 _aNáter, Miguel Ángel,
_eprologuista
_4pr.
_990454
910 _aBtavárez
942 _2ddc
_cLBS1
999 _c60973
_d60973